000 00841nmm a2200265 a 4500
001 ocm000884531
003 TR-IsHL
005 20201028144123.0
008 141121s2009 tu tur
007 cr cn
020 _a9786054049295
035 _a884531
_b(N$T)
050 0 4 _aPL248.K393
_bE85 2009
090 0 4 _aPL248.K393
_bE85 2009
100 1 _aKaya, Muharrem
245 1 0 _aEsir kampının su taşıyıcısı
_h[electronic resource] /
_cMuharrem Kaya
260 _aİstanbul :
_bPencere Yayınları,
_c2009
300 _a153 p.
650 4 _aDil ve Edebiyat
650 4 _aLanguage and Literature
650 0 _aTürk romanı
650 0 _aTurkish fiction
650 7 _aLITERARY COLLECTIONS / Middle Eastern
_2bisacsh
856 4 0 _uhttp://search.ebscohost.com/login.aspx?direct=true&scope=site&db=e011xww&AN=884531
999 _c9260
_d9260